Protein engineering : (Record no. 3900)

000 -LEADER
fixed length control field 01042nam a2200277 a 4500
003 - CONTROL NUMBER IDENTIFIER
control field ALUPE UNIVERSITY COLLEGE
005 - DATE AND TIME OF LATEST TRANSACTION
control field 20220321080800.0
008 - FIXED-LENGTH DATA ELEMENTS--GENERAL INFORMATION
fixed length control field 910409s1990 ja a b 101 0 eng d
020 ## - INTERNATIONAL STANDARD BOOK NUMBER
International Standard Book Number 0387528873
040 ## - CATALOGING SOURCE
Transcribing agency ALUPE UNIVERSITY COLLEGE
049 00 - LOCAL HOLDINGS (OCLC)
Holding library JHE
050 ## - LIBRARY OF CONGRESS CALL NUMBER
Classification number TP284.6
Item number .P76 1990
999 1# - SYSTEM CONTROL NUMBERS (KOHA)
Koha Dewey Subclass [OBSOLETE] I571 1989
111 2# - MAIN ENTRY--MEETING NAME
Number of part/section/meeting (2nd :
Date of meeting or treaty signing 1989 :
245 10 - TITLE STATEMENT
Title Protein engineering :
Remainder of title protein design in basic research, medicine, and industry /
Statement of responsibility, etc. editor, Morio Ikehara ; associate editors, Tairo Oshima and Koiti Titani.
260 ## - PUBLICATION, DISTRIBUTION, ETC.
Place of publication, distribution, etc. Tokyo :
Name of publisher, distributor, etc. Japan Scientific Societies Press ;
Place of publication, distribution, etc. New York :
Name of publisher, distributor, etc. Springer-Verlag,
Date of publication, distribution, etc. c1990.
300 ## - PHYSICAL DESCRIPTION
Extent xii, 355 p. :
Other physical details ill. ;
Dimensions 24 cm.
500 ## - GENERAL NOTE
General note "Proceedings of the Second International Conference on Protein Engineering, August 20-25, Kobe, Japan, 1989."--t.p.
504 ## - BIBLIOGRAPHY, ETC. NOTE
Bibliography, etc. note Includes bibliographies and index.
650 #0 - SUBJECT ADDED ENTRY--TOPICAL TERM
Topical term or geographic name entry element Protein engineering
Form subdivision Congresses.
700 1# - ADDED ENTRY--PERSONAL NAME
Personal name Ikehara, Morio.
700 1# - ADDED ENTRY--PERSONAL NAME
Personal name Oshima, Tairo.
700 1# - ADDED ENTRY--PERSONAL NAME
Personal name Titani, Koiti.
910 ## - USER-OPTION DATA (OCLC)
User-option data 619094
942 ## - ADDED ENTRY ELEMENTS (KOHA)
Source of classification or shelving scheme
Koha item type Book
Holdings
Withdrawn status Lost status Source of classification or shelving scheme Damaged status Not for loan Permanent Location Current Location Shelving location Date acquired Source of acquisition Total Checkouts Full call number Barcode Date last seen Price effective from Koha item type Public note Copy number
          AU LIBRARY AU LIBRARY Open Shelf 18.02.2022 DONATION FROM MOI UNIVERSITY   TP284.6 .P76 1990 28005465 18.02.2022 18.02.2022 Book WO  
          AU LIBRARY AU LIBRARY Open Shelf 21.03.2022 DONATION FROM MOI UNIVERSITY   TP284.6 .P76 1990 C2 28005677 21.03.2022 21.03.2022 Book JO 2
          AU LIBRARY AU LIBRARY Open Shelf 31.03.2022 DONATION FROM MOI UNIVERSITY   TP284.6 .P76 1990 C3 28007266 31.03.2022 31.03.2022 Book CM 3
          AU LIBRARY AU LIBRARY Open Shelf 05.04.2022 DONATION FROM MOI UNIVERSITY   TP284.6 .P76 1990 C4 28007762 05.04.2022 05.04.2022 Book WO 4

Powered by Koha